| 000 | 00984nam a2200241 a 4500 | ||
|---|---|---|---|
| 001 | 000251381 | ||
| 003 | AM-YeHGA | ||
| 005 | 20250618071703.0 | ||
| 008 | 030730s1954 ai a|||gr|||||||||1|arm|d | ||
| 040 | _aAM-YeHGA | ||
| 041 | 1 | _arus | |
| 100 | 1 | _aԼու, Սին | |
| 245 | 1 | 0 |
_aՀայրենի գյուղը : _bՊատմվածքներ / _cԼու Սին ; Թարգմ.՝ Հ. Սաղումյան ; Խմբ.՝ Լ. Հախվերդյան, Մ. Բաղդասարյան ; Առաջաբ.՝ Լ. Պոզդնևա. |
| 260 |
_aԵրևան : _bՀայպետհրատ, _c1954. |
||
| 300 |
_a56 էջ : _bնկ. ; _c16 սմ. |
||
| 650 | 1 | 4 |
_aՉինական գրականություն _98747 |
| 700 | 1 |
_aՍաղումյան, Հ. _eթարգմ. _4trl _9464 |
|
| 700 | 1 |
_aՀախվերդյան, Լևոն Հովհաննեսի, _d1924-2003 _eխմբ. _4edt _91318 |
|
| 700 | 1 |
_aԲաղդասարյան, Մ. _eնկ. _4art _9465 |
|
| 700 | 1 |
_aՊոզդնևա, Լ. _eառաջաբ. _4aui _9466 |
|
| 942 |
_2udc _cBK |
||
| 090 | _c91382 | ||
| 999 |
_c90093 _d90093 |
||